Seminar Pengurusan Hal Ehwal Islam Menuju Wawasan 2020 (26-27 Februari 1992:Kuala Lumpur)
| Format: | Book |
|---|
MARC
| LEADER | 00000cam a2200000 7i4500 | ||
|---|---|---|---|
| 001 | 0000006506 | ||
| 005 | 20000208.0 | ||
| 040 | |a INS | ||
| 090 | 0 | 0 | |a S117 |
| 245 | 0 | 0 | |a Seminar Pengurusan Hal Ehwal Islam Menuju Wawasan 2020 (26-27 Februari 1992:Kuala Lumpur) |
| 999 | |a S000000210 |b BOOK |c Seminar |e Default branch | ||